| 000 | 01644nam a2200361 c 4500 | ||
|---|---|---|---|
| 003 | BLK | ||
| 005 | 20210827112517.0 | ||
| 008 | 180408b bul|||||r ||||||| ||bul|| | ||
| 010 | _aKNG00066296000 | ||
| 040 | _aBLK | ||
| 041 |
_aBUL _cBUL |
||
| 080 |
_aЕтнология. Етнография. Нрави. Обичаи. Бит. Фолклористика. Вж и 572 ; 903 ; 904 _b39 _x(497.2) _z39(497.2) |
||
| 700 | 1 |
_aГенчев, Стоян _eред. кол. на том _9363649 |
|
| 139 |
_aЕтнография на България _bЕ 94 |
||
| 245 | 1 | 0 |
_aЕтнография на България _bМоногр : В 3 т. _cред. кол. на том Стоян Генчев. _nТ. 3 _pДуховна култура |
| 257 | _aBGR | ||
| 260 |
_аСофия _bБАН _c1980 - |
||
| 300 | _c30 см | ||
| 380 | _a3 | ||
| 500 | _aИзд. на БАН. Етногр. инст. с музей. - Кн. е посветена на 1300-год. от основаването на бълг. държава. | ||
| 650 | 4 |
_aЕтнография - България _9249563 |
|
| 650 | 4 |
_aБългари - етнография _9248337 |
|
| 651 | 4 |
_aБългария _9241624 |
|
| 653 | _aетнография | ||
| 653 | _aбългари | ||
| 653 | _aБългария | ||
| 760 | 1 |
_d1985 _h388 с., с ноти, 32 л. ил. _nБиблиогр. под линия. - Съдържа Именен, геогр., терминол. показалци. _tТ. 3 Духовна култура |
|
| 852 | _aЦб ІІ 5993 | ||
| 856 | 4 |
_qpdf _u |
|
| 856 | 4 |
_qpdf _u |
|
| 942 |
_cKNG _n0 _04 |
||
| 944 |
_aCR _c13.06.2004 _kКети_Илиева |
||
| 944 |
_aED _c18.08.2015 _kМилена_Ачева |
||
| 999 |
_c62088 _d62088 |
||